00530nam a22001697a 450000500170000001000280001702000270004503500240007203700130009608200110010910000190012024500570013926000470019627000550024330000220029850000400032020230228152740.0 aENG-110612 ENG-136271 a9789350532652c900.00  aEN-94144 EN-119803 bDBAD/PUB a883.08 aPaul, Joginder aJ.M. Coetzee :cby Joginder Paulba critical study / aNew Delhi bCyber Tech Publications c2013 bNew Delhi a4264/3, Ansari Road, Daryaganje110002 av,264p.c23cm(Hb) aIncludes bibliographical references